Best/Highest Rated Video Games of All Time - Statistics

General Stats
  • This quiz has been taken 84 times
  • The average score is 27 of 46
Answer Stats
System Year Description Game % Correct
PS3/Xbox 360 2010 Follow John Marston as an outlaw whose family is kidnapped to make him take down his former gang Red Dead Redemption
96%
Xbox One/PS4 2018 Follow Outlaw Arthur Morgan in this Wild West open world RPG created by Rockstar Games Red Dead Redemption 2
90%
Xbox One/PS4 2014 Roam the city of Los Santos stealing cars and causing havoc as one of three protagonists Grand Theft Auto V
89%
PS3/Xbox 360 2008 Play as Nico Bellic exploring Liberty City and causing havoc committing crimes Grand Theft Auto IV
87%
Wii 2007 Collect Power Stars in multiple galaxies as Mario Super Mario Galaxy
85%
Xbox/Windows 2001 Play as Master Chief and fight the Covenant with help from AI Cortana Halo: Combat Evolved
83%
N64 1997 Play as James Bond to stop a rogue agent from activating a satellite Goldeneye 007
79%
Wii 2010 Collect More Power Stars in more galaxies as Mario Super Mario Galaxy 2
77%
N64 1998 Save the kingdom of Hyrule in Link's first 3D Adventure The Legend of Zelda: Ocarina of Time
77%
Xbox/Windows 2004 Master Chief's second adventure on a new ring defeating Aliens in the Covenant with help from AI Cortana Halo 2
73%
PS3 2009 Play as Nathan Drake looking for Shambhala and battling warlord Zoran Lazarevic Uncharted 2: Among Thieves
73%
PS3/PS4 2013 Joel and Ellie try to survive in a post-apocalyptic USA with mutated creatures The Last of Us
72%
Windows/Xbox/PS2 2004 Carl "CJ" Johnson returns home to the city Los Santos to rejoin his gang and cause chaos in the city Grand Theft Auto: San Andreas
70%
Windows/Xbox/PS2 2002 Protagonist Tommy Vercetti rises to power in a Miami-like city after being released from prison in the prequel to the above game Grand Theft Auto: Vice City
70%
PS2/Xbox/Windows 2001 Solid Snake stops a terrorist group that hijacks an offshore cleanup facility called Big Shell Metal Gear Solid 2: Sons of Liberty
70%
Switch/Wii U 2017 Save Hyrule and defeat the Divine Beasts and Calamity Ganon The Legend of Zelda: Breath of the Wild
70%
Xbox Series X/PS5/PC 2022 The latest From Software game and another popular Souls-like game in the series Elden Ring
68%
PS3/Xbox 360/Windows 2011 Batman fights his gallery of rogues in a prison city Batman: Arkham City
66%
PC 1998 Gordon Freeman defeats aliens in the Black Mesa Complex and their leader in Xen Half-Life
66%
Switch 2017 Collect Power Moons and use Cappy to capture enemies in this Mario Adventure Super Mario Odyssey
66%
Gamecube 2002 Play as Samus in her first 3D game of the series, collect upgrades in a first person view Metroid Prime
65%
Gamecube 2005 Leon Kennedy rescues the president's daughter from a rural village in Spain Resident Evil 4
65%
Xbox Series X/PS5/Switch 2020 Enhanced Edition of game where you play as the Phantom Thieves of Hearts and battling Personas. Persona 5 Royal
63%
Xbox 360/PS3 2007 Explore the underwater city of Rapture as you rescue or drain Little Sisters for the resource ADAM Bioshock
62%
PC 2004 Defeat the Combine as Gordon Freeman in City 17 Half-Life 2
62%
Xbox 360/PS3/Windows 2011 Play as the Last Dragonborn to defeat Alduin the World-Eater on the continent of Tamriel The Elder Scrolls V: Skyrim
62%
N64 2000 Following his defeat of Ganon in his first 3D adventure, Link travels to Termina to stop the moon from destroying Clock Town in three days The Legend of Zelda: Majora's Mask
62%
Gamecube 2003 Link travels the Great Sea to awaken the sages and defeat Ganon with help from Tetra the pirate The Legend of Zelda: The Wind Waker
61%
Windows/PS3/Xbox 360 2011 Chell returns as the protagonist in the Aperature Science facility, with GlaDos and new character Wheatley Portal 2
55%
Playstation/N64/Dreamcast 2000 Skate in locations like NYC and Philadelphia in a sequel to a classic game Tony Hawk's Pro Skater 2
55%
Xbox 360/PS3/Windows 2010 Play as Commander Shepard to end the threat of the Collectors, who are abducting humans Mass Effect 2
54%
Gamecube/Wii 2006 Link journeys as a human and a wolf in the twilight realm to stop Ganon with Midna's help The Legend of Zelda: Twilight Princess
54%
Playstation 1998 Third iteration of a fighting game series featuring characters like Jin Kazama, Eddy Gordo, and Hwoarang Tekken 3
51%
Playstation 1998 The first in a Racing Simulation series that started before Forza Motorsport Gran Turismo
49%
Super NES 1992 Link fights Ganon in the dark world after Zelda is kidnapped by the wizard Agahnim The Legend of Zelda: A Link to the Past
49%
PS2/Xbox/Gamecube 2001 Skate in places like Canada, LA, and an Airport in this third classic adventure in a series Tony Hawk's Pro Skater 3
46%
Dreamcast 1999 Fighting game where multiple characters fight to obtain or destroy an evil sword know as Soul Edge SoulCalibur
44%
N64 2000 Fight the Skedar as Joanna Dark in this spiritual successor to a classic N64 shooter Perfect Dark
42%
PS3 2008 The player controls Sackboy on a paradoxically name planet to defeat the Collector, who is stealing creations LittleBigPlanet
41%
Windows/PS3/Xbox 360 2013 Booker DeWitt accompanies Elisabeth on the third game of the series in the city of Columbia, with a new Zipline feature BioShock Infinite
38%
Dreamcast 2000 An alternative to the Madden NFL series, the Basketball version is still running strong today NFL 2K1
23%
PS2/Gamecube/Xbox 2002 Annual football game that is an EA franchise with a famous sportscaster Madden NFL 2003
20%
Windows 2000 The protagonist fights to defeat the evil wizard Irenicus in the country of Amn in this sequel Baldur's Gate II: Shadows of Amn
15%
PC/PS5/Xbox Series X 2020 Amnesiac Detective RPG, Harry Dubois tries to solve a murder Disco Elysium: The Final Cut
14%
PS2 2001 The third in a simulation racing series similar to the Forza Motorsport series Grand Turismo 3
6%
PS Vita/PS4/Switch 2019 Play as an amnesiac spirit trying to regain lost memories with the help of the Maid in different time periods in a mansion The House in Fata Morgana
3%
No matching quizzes found
Score Distribution
Percent of People with Each Score
Percentile by Number Answered
Your Score History
You have not taken this quiz